|
|
|
|
| LEADER |
01126nam a22002897a 4500 |
| 001 |
40880 |
| 003 |
BD-DhAAL |
| 008 |
230213t2021 enka|||| |||| 00| 0 eng d |
| 020 |
|
|
|a 9781846046513
|
| 040 |
|
|
|a BD-DhAAL
|c BD-DhAAL
|
| 082 |
|
|
|a 158.1
|
| 100 |
|
|
|a Schmidt, Brita Fernandez
|9 53631
|
| 245 |
|
|
|a Fears to fierce :
|b a woman's guide to owning her power /
|c Brita Fernandez Schmidt.
|
| 260 |
|
|
|a London :
|b Rider Books,
|c 2021.
|
| 300 |
|
|
|a 230 pages :
|b illustrations ;
|c 22 cm.
|
| 526 |
|
|
|a Refugee Studies Unit (RSU), CPJ
|
| 541 |
|
|
|a Book Finder International
|e 40880
|
| 650 |
|
|
|a Self-actualization (Psychology).
|
| 650 |
|
|
|a Self-actualization (Psychology) in women.
|9 29902
|
| 650 |
|
|
|a Self-esteem in women.
|9 53632
|
| 650 |
|
|
|a Self-help publications.
|9 53633
|
| 650 |
|
|
|a Women Conduct of life.
|9 53634
|
| 650 |
|
|
|a Psychology.
|
| 852 |
|
|
|a Ayesha Abed Library
|c General Stacks
|
| 942 |
|
|
|2 ddc
|c BK
|
| 999 |
|
|
|c 45146
|d 45146
|
| 952 |
|
|
|0 0
|1 0
|2 ddc
|4 0
|6 158_100000000000000_SCH
|7 0
|9 73141
|a CPJ
|b CPJ
|c RSU
|d 2023-02-07
|e Book Finder International
|g 2132.99
|l 0
|o 158.1 SCH
|p 3030040880
|r 2023-02-07
|t 1
|v 2132.99
|w 2023-02-07
|y BK
|